Soft computing based modeling in intelligent systems / (Record no. 22345)
[ view plain ]
| 000 -LEADER | |
|---|---|
| fixed length control field | 01281cam a22002775a 4500 |
| 001 - CONTROL NUMBER | |
| control field | 15599784 |
| 005 - DATE AND TIME OF LATEST TRANSACTION | |
| control field | 20160908114817.0 |
| 008 - FIXED-LENGTH DATA ELEMENTS--GENERAL INFORMATION | |
| fixed length control field | 090121t2009 gw a frb 101 0 eng d |
| 020 ## - INTERNATIONAL STANDARD BOOK NUMBER | |
| International Standard Book Number | 9783642004476 |
| 040 ## - CATALOGING SOURCE | |
| Original cataloging agency | DLC |
| Transcribing agency | DLC |
| Modifying agency | DLC |
| -- | EG-ScBUE |
| Language of cataloging | eng |
| 082 04 - DEWEY DECIMAL CLASSIFICATION NUMBER | |
| Classification number | 006.3 |
| Edition number | 22 |
| Item number | SOF |
| 245 00 - TITLE STATEMENT | |
| Title | Soft computing based modeling in intelligent systems / |
| Statement of responsibility, etc | [editors] Valentina Emilia Balas, Janos Fodor, Annamaria R. Varkonyi-Koczy (eds.). |
| 260 ## - PUBLICATION, DISTRIBUTION, ETC. (IMPRINT) | |
| Place of publication, distribution, etc | Berlin : |
| Name of publisher, distributor, etc | Springer-Verlag, |
| Date of publication, distribution, etc | c.2009. |
| 300 ## - PHYSICAL DESCRIPTION | |
| Extent | viii, 203 p. : |
| Other physical details | ill. ; |
| Dimensions | 25 cm. |
| 490 0# - Series Statement | |
| Series statement | Studies in computational intelligence, |
| International Standard Serial Number | 1860-949X ; |
| Volume/sequential designation | v. 196. |
| 500 ## - GENERAL NOTE | |
| General note | "... contains the extended works originally presented at the IEEE International Workshop SOFA 2005 and additional papers"--Pref. |
| 504 ## - BIBLIOGRAPHY, ETC. NOTE | |
| Bibliography, etc | Includes bibliographical references and index. |
| 650 #0 - SUBJECT ADDED ENTRY--TOPICAL TERM | |
| Topical term or geographic name as entry element | Soft computing |
| Form subdivision | Congresses. |
| Source of heading or term | BUEsh |
| 9 (RLIN) | 41090 |
| 650 #0 - SUBJECT ADDED ENTRY--TOPICAL TERM | |
| Topical term or geographic name as entry element | Intelligent control systems |
| General subdivision | Mathematical models |
| Form subdivision | Congresses. |
| Source of heading or term | BUEsh |
| 9 (RLIN) | 41091 |
| 653 ## - INDEX TERM--UNCONTROLLED | |
| Resource For college | Informatics and Computer Science |
| Arrived date list | September2016 |
| 700 1# - ADDED ENTRY--PERSONAL NAME | |
| Personal name | Balas, Valentina Emilia, |
| Relator term | editor. |
| 700 1# - ADDED ENTRY--PERSONAL NAME | |
| Personal name | Fodor, J. |
| Fuller form of name | (Janos), |
| Relator term | editor. |
| 700 1# - ADDED ENTRY--PERSONAL NAME | |
| Personal name | Varkonyi-Koczy, Annamaria R., |
| Relator term | editor. |
| 711 2# - ADDED ENTRY--MEETING NAME | |
| Meeting name or jurisdiction name as entry element | IEEE International Workshop on Soft Computing Applications |
| Date of meeting | (2005 : |
| Location of meeting | Szeged, Hungary and Arad, Romania) |
| 942 ## - ADDED ENTRY ELEMENTS (KOHA) | |
| Source of classification or shelving scheme | Dewey Decimal Classification |
| Withdrawn status | Item status | Source of classification or shelving scheme | Damaged status | Not for loan | Vendor | Home library | Current library | Shelving location | Date acquired | Source of acquisition | Cost, normal purchase price | Serial Enumeration / chronology | Total Checkouts | Full call number | Barcode | Date last seen | Cost, replacement price | Koha item type |
|---|---|---|---|---|---|---|---|---|---|---|---|---|---|---|---|---|---|---|
| Dewey Decimal Classification | Baccah | Central Library | Central Library | Lower Floor | 08/09/2016 | Purchase | 960.00 | 2000088 | 006.3 SOF | 000033604 | 15/07/2025 | 1200.00 | Book - Borrowing |